000 00462nam a2200181Ia 4500
005 20250326141617.0
008 250326s9999 xx 000 0 und d
037 _aTextbook
040 _aFMSL
_beng
_cFMSL
041 _aeng
_2eng
084 _qFMSL
100 _aGillies C
_9744762
245 0 _aBusiness sponsorship
_cGillies C
260 _aOxford
_bOxford, Butterworth Heinemann
_c1991
300 _a221p
942 _cTB
999 _c1291138
_d1291138